书目信息 |
| 题名: |
Access数据库基础与应用
|
|
| 作者: | 李丽 , 甘昕艳 主编 | |
| 分册: | ||
| 出版信息: | 长沙 国防科技大学出版社 2013 |
|
| 页数: | 282页 | |
| 开本: | 26cm | |
| 丛书名: | ||
| 单 册: | ||
| 中图分类: | TP311.138AC , TP311.138 | |
| 科图分类: | ||
| 主题词: | 关系数据库系统--高等教育--教材 , 关系数据库系统 | |
| 电子资源: | ||
| ISBN: | 978-7-5673-0151-1 | |
| 000 | 01014nam0 2200289 450 | |
| 001 | 2368099472 | |
| 005 | 20231126185534.20 | |
| 010 | @a978-7-5673-0151-1@dCNY45.00 | |
| 090 | @aTP311.13@bll | |
| 100 | @a20140429d2013 em y0chiy50 ea | |
| 101 | 0 | @achi |
| 102 | @aCN@b430000 | |
| 105 | @ay z 000yy | |
| 200 | 1 | @aAccess数据库基础与应用@AAccess shu ju ku ji chu yu ying yong@f李丽,甘昕艳主编 |
| 210 | @a长沙@c国防科技大学出版社@d2013 | |
| 215 | @a282页@d26cm | |
| 300 | @a普通高等教育“十二五”规划计算思维精品教材 | |
| 330 | @a本书以Access 10为基础,全书共11章,内容包括:数据库理论基础、Access 2010数据库、表的创建与管理、查询、SQL查询、窗体、报表、章宏、模块与VBA程序设计等。 | |
| 606 | 0 | @a关系数据库系统@x高等教育@j教材 |
| 606 | 0 | @a关系数据库系统 |
| 610 | 0 | @aAccess |
| 690 | @aTP311.138AC@v5 | |
| 690 | @aTP311.138@v4 | |
| 701 | 0 | @a李丽@Ali li@c(计算机)@4主编 |
| 701 | 0 | @a甘昕艳@Agan xin yan@c(女,@f1972~)@4主编 |
| 801 | 0 | @aCN@b山东中教@c20231126 |
| 905 | @aBZT@dTP311.138@e78 | |
| Access数据库基础与应用/李丽,甘昕艳主编.-长沙:国防科技大学出版社,2013 |
| 282页;26cm |
| 普通高等教育“十二五”规划计算思维精品教材 |
| ISBN 978-7-5673-0151-1:CNY45.00 |
| 本书以Access 10为基础,全书共11章,内容包括:数据库理论基础、Access 2010数据库、表的创建与管理、查询、SQL查询、窗体、报表、章宏、模块与VBA程序设计等。 |
| ● |
| 相关链接 |
|
|
|
正题名:Access数据库基础与应用
索取号:TP311.138/78
 
预约/预借
| 序号 | 登录号 | 条形码 | 馆藏地/架位号 | 状态 | 备注 |
| 1 | 2001215256 | 2001215256 | 中教(第二批第二书库)/山东中教(第二批)/544/ [索取号:TP311.138/78] | 在馆 | |
| 2 | 2001215257 | 2001215257 | 中教(第二批第二书库)/山东中教(第二批)/544/ [索取号:TP311.138/78] | 在馆 | |
| 3 | 2001215258 | 2001215258 | 中教(第二批第二书库)/山东中教(第二批)/544/ [索取号:TP311.138/78] | 在馆 | |
| 4 | 2001215259 | 2001215259 | 中教(第二批第二书库)/山东中教(第二批)/544/ [索取号:TP311.138/78] | 在馆 | |
| 5 | 2001215260 | 2001215260 | 中教(第二批第二书库)/山东中教(第二批)/544/ [索取号:TP311.138/78] | 在馆 | |
| 6 | 2001215261 | 2001215261 | 中教(第二批第二书库)/山东中教(第二批)/544/ [索取号:TP311.138/78] | 在馆 | |
| 7 | 2001215262 | 2001215262 | 中教(第二批第二书库)/山东中教(第二批)/544/ [索取号:TP311.138/78] | 在馆 | |
| 8 | 2001215263 | 2001215263 | 中教(第二批第二书库)/山东中教(第二批)/544/ [索取号:TP311.138/78] | 在馆 | |
| 9 | 2001215264 | 2001215264 | 中教(第二批第二书库)/山东中教(第二批)/544/ [索取号:TP311.138/78] | 在馆 | |
| 10 | 2001215265 | 2001215265 | 中教(第二批第二书库)/山东中教(第二批)/544/ [索取号:TP311.138/78] | 在馆 | |
| 11 | 2001215266 | 2001215266 | 中教(第二批第二书库)/山东中教(第二批)/544/ [索取号:TP311.138/78] | 在馆 | |
| 12 | 2001215267 | 2001215267 | 中教(第二批第二书库)/山东中教(第二批)/544/ [索取号:TP311.138/78] | 在馆 | |
| 13 | 2001215268 | 2001215268 | 中教(第二批第二书库)/山东中教(第二批)/544/ [索取号:TP311.138/78] | 在馆 | |
| 14 | 2001215269 | 2001215269 | 中教(第二批第二书库)/山东中教(第二批)/544/ [索取号:TP311.138/78] | 在馆 | |
| 15 | 2001215270 | 2001215270 | 中教(第二批第二书库)/山东中教(第二批)/544/ [索取号:TP311.138/78] | 在馆 | |
| 16 | 2001215271 | 2001215271 | 中教(第二批第二书库)/山东中教(第二批)/544/ [索取号:TP311.138/78] | 在馆 | |
| 17 | 2001215272 | 2001215272 | 中教(第二批第二书库)/山东中教(第二批)/544/ [索取号:TP311.138/78] | 在馆 | |
| 18 | 2001215273 | 2001215273 | 中教(第二批第二书库)/山东中教(第二批)/544/ [索取号:TP311.138/78] | 在馆 | |
| 19 | 2001215274 | 2001215274 | 中教(第二批第二书库)/山东中教(第二批)/544/ [索取号:TP311.138/78] | 在馆 | |
| 20 | 2001215275 | 2001215275 | 中教(第二批第二书库)/山东中教(第二批)/544/ [索取号:TP311.138/78] | 在馆 | |
| 21 | 2001215276 | 2001215276 | 中教(第二批第二书库)/山东中教(第二批)/544/ [索取号:TP311.138/78] | 在馆 | |
| 22 | 2001215277 | 2001215277 | 中教(第二批第二书库)/山东中教(第二批)/544/ [索取号:TP311.138/78] | 在馆 | |
| 23 | 2001215278 | 2001215278 | 中教(第二批第二书库)/山东中教(第二批)/544/ [索取号:TP311.138/78] | 在馆 | |
| 24 | 2001215279 | 2001215279 | 中教(第二批第二书库)/山东中教(第二批)/544/ [索取号:TP311.138/78] | 在馆 | |
| 25 | 2001215280 | 2001215280 | 中教(第二批第二书库)/山东中教(第二批)/544/ [索取号:TP311.138/78] | 在馆 | |
| 26 | 2001215281 | 2001215281 | 中教(第二批第二书库)/山东中教(第二批)/544/ [索取号:TP311.138/78] | 在馆 | |
| 27 | 2001215282 | 2001215282 | 中教(第二批第二书库)/山东中教(第二批)/544/ [索取号:TP311.138/78] | 在馆 | |
| 28 | 2001215283 | 2001215283 | 中教(第二批第二书库)/山东中教(第二批)/544/ [索取号:TP311.138/78] | 在馆 | |
| 29 | 2001215284 | 2001215284 | 中教(第二批第二书库)/山东中教(第二批)/544/ [索取号:TP311.138/78] | 在馆 | |
| 30 | 2001215285 | 2001215285 | 中教(第二批第二书库)/山东中教(第二批)/544/ [索取号:TP311.138/78] | 在馆 |